Pahari styles of Indian murals/ (Record no. 33092)

000 -LEADER
fixed length control field 00462nam a22001691a 4500
020 ## - INTERNATIONAL STANDARD BOOK NUMBER
ISBN 9788170173564
082 ## - DEWEY DECIMAL CLASSIFICATION NUMBER
Classification number 751.73
Item number SUK/P
100 ## - MAIN ENTRY--AUTHOR NAME
Personal name Sukh Dev Singh Charak
245 ## - TITLE STATEMENT
Title Pahari styles of Indian murals/
Statement of responsibility, etc by Sukh Dev Singh Charak and Anita K Billawaria
260 ## - PUBLICATION, DISTRIBUTION, ETC. (IMPRINT)
Place of publication New Delhi:
Name of publisher Abhinav Publications,
Year of publication 1998.
300 ## - PHYSICAL DESCRIPTION
Number of Pages 156p.
650 ## - SUBJECT ADDED ENTRY--TOPICAL TERM
Topical Term Painting Mural
650 ## - SUBJECT ADDED ENTRY--TOPICAL TERM
Topical Term Painting
650 ## - SUBJECT ADDED ENTRY--TOPICAL TERM
Topical Term Arts
700 ## - ADDED ENTRY--PERSONAL NAME
Personal name Anita K Billawaria
942 ## - ADDED ENTRY ELEMENTS (KOHA)
Koha item type Book
Holdings
Withdrawn status Lost status Damaged status Not for loan Permanent Location Current Location Shelving location Date acquired Cost, normal purchase price Full call number Accession Number Cost, replacement price Price effective from Koha item type
        Sree Sankaracharya University of Sanskrit Sree Sankaracharya University of Sanskrit Reference 08.01.2015 1500.00 R 751.73 SUK/A 026495 0.00 08.01.2015 Reference